| 000 | 00998nam a22002297a 4500 | ||
|---|---|---|---|
| 999 |
_c11113 _d11113 |
||
| 003 | AR-CdUCM | ||
| 008 | 190304b ||||| |||| 00| 0 spa d | ||
| 040 |
_aMUNICIPALIDAD PROVINCIAL DEL CUSCO _cBIBLIOTECA MUNICIPAL DEL CUSCO |
||
| 082 |
_a347.5 / _bUN58 / 1948 |
||
| 110 |
_aUniversidad Nacional Mayor de San Marcos _95627 |
||
| 245 |
_aLa universidad y el pueblo : _bConferencia de extensión cultural / |
||
| 260 |
_aLima : _bUniversidad Nacional Mayor de San Marcos, _c1948. |
||
| 300 |
_a298 páginas ; _c20 cm. |
||
| 505 | _aContenido: t.4. Personalidad y pena -- Los problemas políticos de indulto -- Los problemas jurídicos del indulto -- La delincuencia de los menores y la guerra -- El delincuente constitucional -- El delincuente patológico ... | ||
| 650 |
_aCultura nacional _94759 |
||
| 650 |
_aOrganizaciones _95967 |
||
| 650 |
_aUniversidad _91570 |
||
| 700 |
_aJiménez de Asúa, Luis _99133 |
||
| 700 |
_aRuiz Funes, Mariano _926467 |
||
| 942 |
_2ddc _cLIBROS |
||
| 945 | _aacv | ||